000
00313nam a22001217a 4500
008
160521b xxu||||| |||| 00| 0 eng d
020
_a
9780805368444
020
_a
0805368442
041
_a
eng
080
_a
579
245
_a
Biology:
_c
Neil A. Campbell; Jane B.Reece; Lisa A Urry;MIchael L.Cain;
942
_2
udc
_c
BK
999
_c
2348
_d
2348